Normale Ansicht MARC-Ansicht ISBD

Sankt Petersburg : (Titelsatznr. 13191)

[ MARC ]
MARC-Details
000 -Satzkennung
Kontrollfeld mit fester Länge 00463nam a22001691c 4500
001 - Kontrollnummer
Kontrollfeld a987658677
008 - Feld mit fester Länge zur physischen Beschreibung - Allgemeine Angaben
Kontrollfeld mit fester Länge 070926s2007 gw |||| 000u ger d
041 ## - Sprachcode
Sprachcode des Textes/der Tonspur oder des separaten Titels ger
040 ## - Katalogisierungsquelle
Übertragungsstelle RU-10907106
003 - Kontrollnummer Identifier
Kontrollfeld RU-10907106
245 00 - Titel
Titel Sankt Petersburg :
Zusatz zum Titel Schauplätze einer Stadtgeschichte
264 ## - Produktion, Veröffentlichung, Distribution, Herstellung und Urheberrechtsvermerk
Herstellungs-, Veröffentlichungs- Vertriebs-, Erzeugungsort Frankfurt :
Produzent, Herausgeber, Distributor, Hersteller Campus,
Datum der Herstellung, der Veröffentlichung, des Vertriebs oder des Urheberschutzvermerks 2007
300 ## - Physische Beschreibung
Umfang 439 S.
700 1# - Nebeneintragung - Personenname
Personenname Schlögel, Karl
Funktionsbezeichnung HerausgeberIn
700 1# - Nebeneintragung - Personenname
Personenname Schenk, Frithjof Benjamin
Funktionsbezeichnung HerausgeberIn
942 ## - Zusätzliche Felder (Koha)
Koha-Medientyp Monographien
Exemplare
Ausgeschieden Verloren Klassifikation oder Aufstellungssystematik Beschädigt Nicht entleihbar Heimatbibliothek Aufenthaltsbibliothek Aufstellungsort Erwerbungsdatum Inventarnummer Signatur Barcode Letzte Aktivität Preis gültig von Koha-Medientyp
    Andere/Generische Klassifikation     MWN Osteuropa MWN Osteuropa Magazin - 2 26/09/2007 07-05006 R 50 n Peterb 10 E00401507618AE3A 22/02/2021 22/03/2021 Monographien